| 000 | 00755nam a2200229 i 4500 | ||
|---|---|---|---|
| 001 | 29358 | ||
| 003 | ES-MaACL | ||
| 005 | 20231218201854.0 | ||
| 007 | t| | ||
| 008 | 030121s1942 sp ||||1| spa d | ||
| 100 | 1 |
_aBaring, Maurice. _925656 |
|
| 245 | 1 | 0 |
_aMaría Estuardo : _bel principio en el fin / _cMaurice Baring ; [traducción del inglés por Eulalia Galvarriato de Alonso]. |
| 250 | _a1ª ed. | ||
| 260 |
_a[Barcelona : _bs.n.], _c1942 ( _fAgustín Núñez) |
||
| 300 |
_a291 p., 8 lám. ; _c20 cm. |
||
| 490 | 1 | _aColección Lauro | |
| 600 | 0 | 4 |
_aMaría _bI _cReina de Escocia. _976666 |
| 700 | 1 |
_aGalvarriato, Eulalia, _d1904-1997 _953699 |
|
| 830 | 1 |
_aColección Lauro _9229295 |
|
| 852 | 4 |
_aES-MaACL _jE-879 |
|
| 999 |
_c29358 _d29358 |
||